Kvázidynamická metóda merania osovej záťaže vozidiel : Kand.diz.práca : V.odb. 26-16-9 : Obh. 03.01.1990 /

Salvato in:
Dettagli Bibliografici
Autore principale: Baláž, Pavel (Autore)
Altri autori: Bajcsy, Július (Relatore della tesi)
Natura: Manoscritto Libro
Pubblicazione: Bratislava : SVŠT v Bratislave EF, 1988
Soggetti:
Tags: Aggiungi Tag
Nessun Tag, puoi essere il primo ad aggiungerne!!

MARC

LEADER 00000ntm a22000003a 4500
001 stu4355
005 20150617225813.9
008 ------s1988----------------------------d
040 |a STU  |b slo 
041 0
100 1 |a Baláž, Pavel  |4 aut 
245 1 |a Kvázidynamická metóda merania osovej záťaže vozidiel :  |b Kand.diz.práca : V.odb. 26-16-9 : Obh. 03.01.1990 /  |c [aut.] Baláž,Pavel, Ing.; Škol. Bajcsy,Július 
260 |a Bratislava :  |b SVŠT v Bratislave EF,  |c 1988 
300 |a 101 s :  |b príl 
650 7 |a Meracia technika  |2 stusub 
700 1 |a Bajcsy, Július  |4 ths  |u E190  |U FEI Fakulta elektrotechniky a informatiky  |T FEI Katedra merania  |U E190  |Y 66 
996 |b 284ED00189  |c E*KDIZ-600  |l EE01  |s A  |a 24  |w stu4355_0001